Aina nada? (Registo nº 4374)

Detalhes MARC
000 -Etiqueta do registo
Cabeçalho 00562nam a2200217 4500
005 - Identificador da versão
Campo de controlo 20240813122059.0
010 ## - Número internacional normalizado dos livros (ISBN)
Número (ISBN) 9728781237
021 ## - Número do Depósito Legal
Código do país PT
Número 209040-04
100 ## - Dados gerais de processamento
Dados gerais de processamento 20110328d2004 b y0pory5003 ba
102 ## - Pais de publicação ou produção
País de publicação Portugal
101 1# - Língua de publicação
Língua do texto, banda sonora, etc. Português
Língua do documento no original Francês
200 1# - Titulo e menção de responsabilidade
Título próprio Aina nada?
Primeira menção de responsabilidade Christian Voltz
Outras menções de responsabilidade trad. Alexandre Honrado
225 1# - Colecção 
Título próprio da colecção livros para sonhar
210 ## - Publicação, Distribuição, etc. 
Lugar da edição, distribuição, etc. Matosinhos
Nome do editor, distribuidor, etc. Kalandraka
Data da publicação, distribuição, etc. 2004
304 ## - Notas relativas a título e menção de responsabilidade 
Texto da nota Toujours rien
702 #1 - Nome de autor-pessoa física (responsabilidade secundária)
Número de registo de entrada de autoridade 0000146
Palavra de ordem Honrado
Outra parte do nome não tomada para palavra de ordem Alexandre
Código de função Tradutor
700 #1 - Nome de autor-pessoa física (responsabilidade principal)
Número de registo de entrada de autoridade 0001169
Palavra de ordem Voltz
Outra parte do nome não tomada para palavra de ordem Christian
942 ## - Elementos de entrada adicionados (Koha)
Tipo de item no Koha Livro
Exemplares
Situação do levantamento Origin of item (home branch) (coded) Biblioteca de empréstimo Código de barras Cota Circulation type (not for loan) Tipo de documento Nota do exemplar Damaged status
  Biblioteca Escolar das Vendas Biblioteca Escolar das Vendas BEV1632 8EST VOL   Livro Sem mensagem